La aventura arqueológica /
Guardado en:
| Autor Principal: | |
|---|---|
| Formato: | Libro |
| Publicado: |
Buenos Aires :
Emecé,
1982
|
| Series: | Hechos reales
|
| Materias: | |
| Etiquetas: |
Agregar Etiqueta
Sin Etiquetas, Sea el primero en etiquetar este registro!
|
| LEADER | 00677nam a22001935a 4500 | ||
|---|---|---|---|
| 001 | CEM.cems012254 | ||
| 005 | 20060906072221.0 | ||
| 008 | 130507s1982##################000#0#####d | ||
| 003 | CEMS | ||
| 020 | |a 9500400227 | ||
| 082 | 0 | 4 | |a 571 |
| 100 | 1 | |a Parrot, André | |
| 245 | 1 | 0 | |a La aventura arqueológica / |c André Parrot |
| 260 | |a Buenos Aires : |b Emecé, |c 1982 | ||
| 300 | |a 313 p. | ||
| 490 | 0 | |a Hechos reales | |
| 505 | 0 | |a Estudio de algunas de las más antiguas civilizaciones de la Mesopotamia, en Asia Menor : Larsa (ciudad rival de Ur), Lagash, Mari | |
| 653 | |a Arqueología -- historia antigua -- expediciones | ||
| 859 | |a CEMS |b BIB. CEMS - 11 de abril |h 571 |i P249-1 |p 23158.05 |t Ej.1 | ||
